TOUS les coureurs UCI World Tour 2026 - Statistiques

Statistiques générales
  • Ce quiz a été pris 345 fois
    149 depuis la dernière actualisation
  • Le résultat moyen est 184 sur 494
Statistiques - réponses
Coureur % Correct
Flag_of_Latvia.svg Tadej Pogačar
98%
Flag_of_Austria.svg Isaac Del Toro
95%
Flag_of_Portugal.svg João Almeida
95%
Flag_of_France.svg Benoît Cosnefroy
93%
Jonas Vingegaard
91%
Guillaume Martin-Guyonnet
90%
Pau Martí
89%
Daniel Felipe Martínez
88%
Juan Martinez
88%
Lenny Martinez
88%
Paul Seixas
88%
Wout van Aert
88%
Adam Yates
86%
Juan Ayuso
86%
Kevin Vauquelin
86%
Mathieu van der Poel
86%
Christophe Laporte
85%
Flag_of_the_Czech_Republic.svg Pavel Sivakov
84%
Remco Evenepoel
84%
Anders H. Johannessen
83%
Flag_of_Germany.svg Jhonatan Narváez
83%
Tobias H. Johannessen
83%
Romain Grégoire
80%
Sepp Kuss
80%
Primož Roglič
79%
David Gaudu
78%
Edoardo Affini
78%
Matteo Jorgenson
78%
Thymen Arensman
78%
Albert Withen Philipsen
76%
Axel Zingle
76%
Ben Healy
76%
Biniam Girmay
76%
Dorian Godon
76%
Florian Vermeersch
76%
Gianni Vermeersch
76%
Jasper Philipsen
76%
Flag_of_Sweden.svg Nils Politt
76%
Bruno Armirail
75%
Flag_of_the_United_Kingdom_%281-2%29.svg Ivo Oliveira
75%
Nelson Oliveira
75%
Flag_of_the_Netherlands.svg Rui Oliveira
75%
Tim Wellens
75%
Drapeau_du_Danemark.png Mikkel Bjerg
74%
Casper Pedersen
73%
Clément Champoussin
73%
Henrik Pedersen
73%
Mads Pedersen
73%
Marc Soler
73%
Rasmus Søjberg Pedersen
73%
Flag_of_Slovenia.svg António Morgado
71%
Derek Gee-West
71%
Egan Bernal
71%
Enric Mas
71%
Flag_of_Switzerland.svg Jan Christen
71%
Warren Barguil
71%
Flag_of_Colombia_%281-1%29.svg Brandon McNulty
70%
Carlos Rodríguez
70%
Flag_of_Estonia.svg Cristián Rodríguez
70%
Julien Bernard
70%
Oscar Rodríguez
70%
Paul Magnier
70%
Felix Gall
69%
Florian Lipowitz
69%
Matthew Riccitello
69%
Flag_of_Australia.svg Domen Novak
68%
Flag_of_Norway.svg Felix Großschartner
68%
Jay Vine
68%
Kevin Geniets
68%
Oscar Onley
68%
Pavel Novák
68%
Richard Carapaz
66%
Alex Baudin
65%
Axel Laurance
65%
Filippo Ganna
65%
Stefan Bissegger
65%
Tim Merlier
65%
Ben O'Connor
64%
Flag_of_Hungary.svg Christian Scaroni
64%
Tobias Lund Andresen
64%
Jonathan Milan
63%
Matteo Milan
63%
Mattias Skjelmose
63%
Aleksandr Vlasov
61%
Alexander Kamp
61%
Ilan Van Wilder
61%
Flag_of_Norway.svg Jonas Abrahamsen
61%
Matthew Brennan
61%
Mauro Schmid
61%
Aurélien Paret-Peintre
60%
Matej Mohorič
60%
Olav Kooij
60%
Valentin Paret-Peintre
60%
Bob Jungels
59%
Giulio Ciccone
59%
Giulio Pellizzari
59%
Jai Hindley
59%
Léo Bisiaux
59%
Paul Lapeira
59%
Pello Bilbao
59%
Dylan van Baarle
58%
Jan Tratnik
58%
Jørgen Nordhagen
58%
Michał Kwiatkowski
58%
Flag_of_Ecuador.svg Sebastián Molano
58%
Tiesj Benoot
58%
Daan Hoole
56%
Flag_of_Spain.svg Igor Arrieta
56%
Jasper Stuyven
56%
Santiago Buitrago
56%
Valentin Madouas
56%
Flag_of_Italy.svg Filippo Baroncini
55%
Mathias Vacek
55%
Mick van Dijke
55%
Oliver Naesen
55%
Phil Bauhaus
55%
Silvan Dillier
55%
Tibor Del Grosso
55%
Tim van Dijke
55%
Victor Campenaerts
55%
Louis Barré
54%
Mikel Landa
54%
Pablo Torres
54%
Victor Langellotti
54%
Albert Torres
53%
Florian Sénéchal
53%
Gregor Mühlberger
53%
Flag_of_Kazakhstan.svg Nicolas Vinokurov
53%
Pavel Bittner
53%
Sergio Higuita
53%
Tobias Foss
53%
Wilco Kelderman
53%
Jakob Söderqvist
51%
Flag_of_Mexico.svg Julius Johansen
51%
Mauri Vansevenant
51%
AJ August
50%
Alexey Lutsenko
50%
Josh Tarling
50%
Nicolas Prodhomme
50%
Orluis Aular
50%
Per Strand Hagenes
50%
Ben Tulett
49%
Brandon Rivera
49%
Davide Piganzoli
49%
Ewen Costiou
49%
Iván Romeo
49%
Kaden Groves
49%
Laurence Pithie
49%
Magnus Cort
49%
Antoine L'Hôte
48%
Nairo Quintana
48%
Yevgeniy Fedorov
48%
Antonio Tiberi
46%
Colby Simmons
46%
Finn Fisher-Black
46%
Julius van den Berg
46%
Kasper Asgreen
46%
Marijn van den Berg
46%
Quinn Simmons
46%
Alberto Bettiol
45%
Flag_of_Slovakia.svg Harold Tejada
45%
Hugo Houle
45%
Lorenzo Fortunato
45%
Magnus Sheffield
45%
Michael Matthews
45%
Paul Penhoet
45%
Sam Welsford
45%
Toms Skujins
45%
Ethan Vernon
44%
Flag_of_the_United_States_%281912-1959%29.svg Vegard Stake Laengen
44%
Alexander Cepeda
43%
Attila Valter
43%
Einer Rubio
43%
Flag_of_Poland.svg Haoyu Su
43%
Jefferson Cepeda
43%
Jordi Meeus
43%
Luke Lamperti
43%
Damiano Caruso
41%
Filippo Fiorelli
41%
Filippo Zana
41%
Frank van den Broek
41%
Johannes Staune-Mittet
41%
Krists Neilands
41%
Flag_of_Monaco.svg Thomas Silva
41%
Flag_of_Eritrea.svg Adrià Pericas
40%
Adrien Boichis
40%
Afonso Eulálio
40%
Kevin Vermaerke
40%
Lorenzo Germani
40%
Stan Dewulf
40%
Yves Lampaert
40%
Ben Turner
39%
Carlos Verona
39%
Cian Uijtdebroeks
39%
Clément Braz Afonso
39%
Danny Van Poppel
39%
Flag_of_South_Africa.svg Harold Martín López
39%
Javier Romo
39%
Johan Jacobs
39%
Jordan Labrosse
39%
Juanpe López
39%
Laurens De Plus
39%
Natnael Tesfatsion
39%
Flag_of_Belgium.svg Rune Herregodts
39%
Andreas Kron
38%
Andreas Leknessund
38%
Callum Scotson
38%
Hugo Hofstetter
38%
Jardi Van Der Lee
38%
Marco Frigo
38%
Noa Isidore
38%
Søren Kragh Andersen
38%
Søren Wærenskjold
38%
Steven Kruijswijk
38%
Tao Geoghegan Hart
38%
Darren Rafferty
36%
Davide Ballerini
36%
Ethan Hayter
36%
Gal Glivar
36%
Madis Mihkels
36%
Matteo Sobrero
36%
Maximilian Schachmann
36%
Flag_of_Canada_%28Pantone%29.svg Mike Teunissen
36%
Neilson Powless
36%
Quentin Pacher
36%
Ben Swift
35%
Connor Swift
35%
Flag_of_Uruguay.svg Diego Ulissi
35%
Johannes Kulset
35%
Lewis Askey
35%
Mattia Cattaneo
35%
Pascal Ackermann
35%
Sam Watson
35%
Alexy Faure Prost
34%
Clément Berthet
34%
Emiel Verstrynge
34%
George Bennett
34%
Giovanni Aleotti
34%
Guillaume Boivin
34%
Michael Valgren
34%
Oded Kogut
34%
Patrick Konrad
34%
Pierre Gautherat
34%
Anders Foldager
33%
Andrea Bagioli
33%
Bastien Tronchon
33%
Nikias Arndt
33%
Simone Consonni
33%
Thibau Nys
33%
Bart Lemmen
31%
Casper van Uden
31%
Cees Bol
31%
Jakob Omrzel
31%
John Degenkolb
31%
Luca Vergallito
31%
Martin Svrček
31%
Matîs Louvel
31%
Max Kanter
31%
Nico Denz
31%
Niklas Behrens
31%
Roger Adrià
31%
Flag_of_New_Zealand.svg Simone Velasco
31%
Tord Gudmestad
31%
Alan Hatherly
30%
Chris Hamilton
30%
Itamar Einhorn
30%
Lennard Kämna
30%
Lucas Hamilton
30%
Matevž Govekar
30%
Menno Huising
30%
Oscar Chamberlain
30%
Tobias Bayer
30%
Davide Formolo
29%
Fran Miholjević
29%
Flag_of_Israel.svg Henok Mulubrhan
29%
Loe van Belle
29%
Luke Plapp
29%
Max Poole
29%
Owain Doull
29%
Pier-André Côté
29%
Sam Oomen
29%
Torstein Træen
29%
Gianmarco Garofoli
28%
Jack Haig
28%
James Knox
28%
Luka Mezgec
28%
Michael Leonard
28%
Tim Torn Teutenberg
28%
Amanuel Ghebreigzabhier
26%
Ben Zwiehoff
26%
Bert Van Lerberghe
26%
Lorenzo Milesi
26%
Maxim Van Gils
26%
Max Walscheid
26%
Stevie Williams
26%
Bauke Mollema
25%
Clément Russo
25%
Corbin Strong
25%
Fabio Jakobsen
25%
Frederik Wandahl
25%
Gianni Moscon
25%
Henri-François Renard-Haquin
25%
Jake Stewart
25%
Joe Blackmore
25%
Junior Lecerf
25%
Kamil Gradek
25%
Kim Heiduk
25%
Mikkel Honoré
25%
Rudy Molard
25%
Sean Quinn
25%
Tijmen Graat
25%
Vincenzo Albanese
25%
Alessandro Covi
24%
Carlos Canal
24%
Flag_of_France.svg Cyril Barthe
24%
Dries de Bondt
24%
Edoardo Zambanini
24%
Markel Beloki
24%
Pablo Castrillo
24%
Pascal Eenkhoorn
24%
Pelayo Sánchez
24%
Peter Øxenberg
24%
Sander De Pestel
24%
Thibaud Gruel
24%
Aaron Gate
23%
Alec Segaert
23%
Anthon Charmig
23%
Dries Van Gestel
23%
Edward Theuns
23%
Laurenz Rex
23%
Flag_of_Venezuela.svg Matteo Malucelli
23%
Nicola Conci
23%
Olivier Le Gac
23%
Rasmus Tiller
23%
Rémi Cavagna
23%
Robbe Ghys
23%
Ryan Mullen
23%
Tim Rex
23%
Archie Ryan
21%
Axel Huens
21%
Diego Pescador
21%
Enzo Paleni
21%
Georg Steinhauser
21%
Flag_of_Luxembourg.svg Gleb Syritsa
21%
Jonas Rickaert
21%
Maxime Decomble
21%
Patrick Gamper
21%
Pietro Mattio
21%
Ramses Debruyne
21%
Steff Cras
21%
Alberto Bruttomesso
20%
Alberto Dainese
20%
Artem Shmidt
20%
Fredrik Dversnes
20%
Gianluca Pollefliet
20%
Iván García Cortina
20%
James Shaw
20%
Jan Hirt
20%
Lewis Bower
20%
Luke Durbridge
20%
Robert Stannard
20%
Anton Schiffer
19%
Brady Gilmore
19%
Christopher Juul Jensen
19%
Embret Svestad-Bardseng
19%
Jacopo Mosca
19%
Jarrad Drizners
19%
Louis Vervaeke
19%
Michel Hessmann
19%
Paul Double
19%
Tom Donnenwirth
19%
Alessandro Pinarello
18%
Anton Kuzmin
18%
Arne Marit
18%
Bjorn Koerdt
18%
Edward Planckaert
18%
Emil Herzog
18%
Erlend Blikra
18%
Filippo Conca
18%
Francesco Busatto
18%
Haimar Etxeberria
18%
Henri Uhlig
18%
Jensen Plowright
18%
Jorge Arcas
18%
Lukas Nerurkar
18%
Luke Tuckwell
18%
Maurice Ballerstedt
18%
Nadav Raisberg
18%
Samuele Battistella
18%
Timo Kielich
18%
Žak Eržen
18%
Andrea Raccagni
16%
Andrea Vendrame
16%
Brieuc Rolland
16%
Dion Smith
16%
Flag_of_Croatia.svg Marco Schrettl
16%
Matthias Schwarzbacher
16%
Mattia Agostinacchio
16%
Max van der Meulen
16%
Nils Eekhoff
16%
Otto Vergaerde
16%
Raúl García Pierna
16%
Senna Remijn
16%
Stian Fredheim
16%
Vlad Van Mechelen
16%
Alexander Hajek
15%
Davide De Pretto
15%
Felix Engelhardt
15%
Floris Van Tricht
15%
Harry Sweeny
15%
Manlio Moro
15%
Rémy Rochas
15%
Sean Flynn
15%
Simon Clarke
15%
Titouan Fontaine
15%
Tom Van Asbroeck
15%
Callum Thornley
14%
Flag_of_Russia.svg Darren van Bekkum
14%
Jonathan Vervenne
14%
Josh Kench
14%
Koen Bouwman
14%
Noah Hobbs
14%
Rainer Kepplinger
14%
Roman Ermakov
14%
Samuel Gaze
14%
Warre Vangheluwe
14%
Amaury Capiot
13%
Fabio Van den Bossche
13%
Jon Barrenetxea
13%
Lev Gonov
13%
Markus Hoelgaard
13%
Niklas Märkl
13%
Pepijn Reinderink
13%
Riley Sheehan
13%
Tobias Svarre
13%
Aaron Dockx
11%
Ayco Bastiaens
11%
Dillon Corkery
11%
Dries De Pooter
11%
Florian Samuel Kajamini
11%
Gil Gelders
11%
Gonzalo Serrano
11%
Kelland O'Brien
11%
Mathias Norsgaard
11%
Max Walker
11%
Nick Schultz
11%
Oscar Riesebeek
11%
Robbe Dhondt
11%
Simon Dehairs
11%
Timo De Jong
11%
Timo Roosen
11%
Arjen Livyns
10%
Asbjørn Hellemose
10%
Frits Biesterbos
10%
Gijs Leemreize
10%
Jasha Sütterlin
10%
Mattia Gaffuri
10%
Pau Miquel
10%
Sven Erik Bystrøm
10%
Tim Naberman
10%
William Blume Levy
10%
Anders Skaarseth
9%
Bob Donaldson
9%
Flag_of_the_People%27s_Republic_of_China.svg Davide Toneatti
9%
Finlay Pickering
9%
Jelte Krijnsen
9%
Johan Price Pejtersen
9%
Matthew Dinham
9%
Oliver Peace
9%
Oliver Stockwell
9%
Sakarias Koller Løland
9%
Simon Dalby
9%
Ådne Holter
8%
Alastair MacKellar
8%
Bram Welten
8%
Drapeau_du_Danemark.png Carl-Fredrik Bevort
8%
Gerben Thijssen
8%
Hamish McKenzie
8%
Lennert Belmans
8%
Lindsay De Vylder
8%
Rudy Porter
8%
Storm Ingebrigtsen
8%
Flag_of_Ireland.svg Alessandro Romele
6%
Daniel Skerl
6%
Martin Tjøtta
6%
Rotem Tene
6%
Sente Sentjens
6%
Tim Marsman
6%
Jonas Geens
5%
Alessandro Borgo
4%
Erik Resell
4%
Jonas Hem Hvideberg
4%
Martin Urianstad Bugge
4%
Mathijs Paasschens
4%
Aucun quiz correspondant
Distribution des résultats
% des personnes avec chaque résultat
Percentile par nombre de réponses
Votre historique - résultats
Vous n’avez pas pris ce quiz depuis la dernière actualisation